Greener Products : the Making and Marketing of Sustainable Brands /

Salvato in:
Dettagli Bibliografici
Autore principale: Iannuzzi, Al (Autore)
Natura: Libro
Lingua:inglese
Pubblicazione: Boca Raton CRC 2017
Edizione:2nd Ed.
Soggetti:
Tags: Aggiungi Tag
Nessun Tag, puoi essere il primo ad aggiungerne!!

MARC

LEADER 00000nam a22000003a 4500
001 0030883
003 SK-STU
005 20180202073952.2
007 ta
008 180202s ----xo-----e------000-0-----d
020 |a 978-1-138-74689-3 
040 |a STU  |b slo 
041 0 |a eng 
044 |a xxu 
100 1 |a Iannuzzi, Al  |4 aut 
245 1 0 |a Greener Products :  |b the Making and Marketing of Sustainable Brands /  |c aut. Al Iannuzzi 
250 |a 2nd Ed. 
260 |a Boca Raton  |b CRC  |c 2017 
300 |a 250 s. 
650 0 7 |a zelený marketing 
650 0 7 |a zelené výrobky 
996 |b 284M087635  |c M* 14117-1  |l MMKN  |s A  |a 24  |w 0030883_0001